[Event "FIN-ch Seniors 65"]
[Site "Helsinki"]
[Date "2024.04.05"]
[Round "8"]
[White "Hentunen, Asko"]
[Black "Sorvari, Jarmo"]
[Result "1/2-1/2"]
[WhiteElo "2215"]
[BlackElo "2057"]
[PlyCount "142"]
[EventDate "2024.03.29"]
[EventType "swiss"]
[EventRounds "9"]
[EventCountry "FIN"]
[SourceTitle "CB15_2024"]
[SourceDate "2024.04.10"]
[SourceVersion "1"]
[SourceVersionDate "2024.04.10"]
[SourceQuality "1"]

1. c4 e5 2. g3 Nf6 3. Bg2 h6 4. Nf3 e4 5. Nd4 d5 6. cxd5 Qxd5 7. e3 c5 8. Nc3 Qe5 9. Nde2 Nc6 10. d4 exd3 11. Qxd3 Bd7 12. 0-0 Nb4 13. Qb1 Bc6 14. e4 c4 15. Bf4 Qa5 16. b3 cxb3 17. axb3 Qb6 18. Be3 Bc5 19. Na4 Bxa4 20. Bxc5 Qxc5 21. bxa4 0-0 22. Rc1 Qe7 23. a5 Rfd8 24. Ra4 Nd3 25. Rc3 Nc5 26. Rac4 b6 27. Nd4 Rac8 28. axb6 axb6 29. Rc1 Qa7 30. Nb5 Qa6 31. e5 Nfd7 32. f4 Ne6 33. Bf1 Rxc4 34. Bxc4 Ndc5 35. Nd6 Qa3 36. Re1 Qc3 37. Qc1 Qd4+ 38. Kg2 b5 39. Rd1 Rxd6 40. Rxd4 Rxd4 41. Bxb5 g6 42. Be2 Kg7 43. Bc4 h5 44. Kf3 h4 45. Qc3 Ne4 46. Qxd4 Nxd4+ 47. Kxe4 hxg3 48. hxg3 Nf5 49. g4 Ne7 50. g5 Nf5 51. Bb5 Kf8 52. Bd7 Ng7 53. Bg4 Ke7 54. Kd5 Ne8 55. Kc6 Ng7 56. Kd5 Ne8 57. Ke4 Ng7 58. f5 gxf5+ 59. Bxf5 Nh5 60. Bg4 Ng7 61. Kf4 Ke8 62. Bd1 Ke7 63. Bb3 Ke8 64. Kg4 Ke7 65. g6 fxg6 66. Kg5 Ne6+ 67. Kxg6 Nc5 68. Bc4 Nd7 69. e6 Nc5 70. Kf5 Nxe6 71. Ke4 Ke8 1/2-1/2

[Event "FIN-ch Seniors 65"]
[Site "Helsinki"]
[Date "2024.04.03"]
[Round "6"]
[White "Smeds, Tom"]
[Black "Hentunen, Asko"]
[Result "0-1"]
[WhiteElo "1821"]
[BlackElo "2215"]
[PlyCount "82"]
[EventDate "2024.03.29"]
[EventType "swiss"]
[EventRounds "9"]
[EventCountry "FIN"]
[SourceTitle "CB15_2024"]
[SourceDate "2024.04.10"]
[SourceVersion "1"]
[SourceVersionDate "2024.04.10"]
[SourceQuality "1"]

1. e4 e5 2. Nc3 Nf6 3. g3 d5 4. exd5 Nxd5 5. Bg2 Be6 6. Nge2 c5 7. 0-0 Nc6 8. d3 Be7 9. f4 exf4 10. Nxf4 Nxf4 11. Bxf4 0-0 12. Qd2 Qd7 13. Rae1 Rad8 14. a3 c4 15. Bxc6 Qxc6 16. d4 Rxd4 17. Qg2 Qxg2+ 18. Kxg2 a6 19. Be3 Rd7 20. Bb6 Bf6 21. Rd1 Rc8 22. Rxd7 Bxd7 23. Rd1 Bc6+ 24. Kf2 Re8 25. Bd4 Bg5 26. h4 Bd8 27. Re1 Rxe1 28. Kxe1 h6 29. Kf2 f5 30. Ne2 g5 31. hxg5 hxg5 32. c3 Kf7 33. Be3 Kg6 34. Nd4 Bd5 35. Nf3 Bf6 36. Bd4 Bxf3 37. Bxf6 Kxf6 38. Kxf3 Ke5 39. Ke3 g4 40. Kf2 Ke4 41. Ke2 f4 0-1

[Event "FIN-ch Seniors 65"]
[Site "Helsinki"]
[Date "2024.04.01"]
[Round "4"]
[White "Salmenkivi, Eero"]
[Black "Hentunen, Asko"]
[Result "0-1"]
[WhiteElo "2036"]
[BlackElo "2215"]
[PlyCount "46"]
[EventDate "2024.03.29"]
[EventType "swiss"]
[EventRounds "9"]
[EventCountry "FIN"]
[SourceTitle "CB15_2024"]
[SourceDate "2024.04.10"]
[SourceVersion "1"]
[SourceVersionDate "2024.04.10"]
[SourceQuality "1"]

1. d4 d5 2. Bf4 f5 3. c4 e6 4. g3 Nf6 5. Bg2 g6 6. Nf3 Bg7 7. Ne5 0-0 8. 0-0 c6 9. Nd2 Nbd7 10. Ndf3 Ne4 11. Rc1 Ndf6 12. Nd3 Bd7 13. Nfe5 g5 14. Be3 h6 15. Ng6 Re8 16. c5 Ng4 17. Bd2 Bxd4 18. e3 Bg7 19. h3 Qf6 20. hxg4 Qxg6 21. Be1 fxg4 22. Qxg4 Nf6 23. Qb4 Qxd3 0-1

[Event "FIN-chT 2022"]
[Site "Finland"]
[Date "2021.10.17"]
[Round "11.5"]
[White "Hentunen, Asko"]
[Black "Paakkonen, Timo"]
[Result "1-0"]
[WhiteElo "2228"]
[BlackElo "2226"]
[PlyCount "97"]
[EventDate "2020.09.12"]
[EventType "team-tourn"]
[EventRounds "11"]
[EventCountry "FIN"]
[SourceTitle "EXT 2023"]
[Source "ChessBase"]
[SourceDate "2022.10.05"]
[SourceVersion "1"]
[SourceVersionDate "2022.10.05"]
[SourceQuality "1"]
[WhiteTeam "Espoo MatSK"]
[BlackTeam "Helsinki Ninja"]
[WhiteTeamCountry "FIN"]
[BlackTeamCountry "FIN"]

1. c4 c6 2. Qa4 Nf6 3. Nc3 e5 4. Nf3 Bd6 5. g3 0-0 6. Bg2 Re8 7. 0-0 Bc7 8. e4 d6 9. h3 Bb6 10. Rd1 Bd7 11. Qc2 Qc8 12. Kh2 d5 13. d3 h6 14. Qe2 dxc4 15. dxc4 Bc7 16. Be3 Be6 17. c5 b5 18. Nh4 a5 19. g4 a4 20. a3 Bb3 21. Rg1 Nh7 22. Nf5 Qe6 23. h4 Bd8 24. g5 hxg5 25. Bh3 Qg6 26. hxg5 Nxg5 27. Rg4 Bc4 28. Qd1 Bb3 29. Qxd8 Nf3+ 30. Kg3 Qxg4+ 31. Bxg4 Rxd8 32. Kxf3 f6 33. Rh1 Bf7 34. Nd6 Na6 35. Nb7 Re8 36. Rd1 Re7 37. Nd8 Be8 38. Rd6 Nb8 39. Na2 Raa7 40. Nb4 Rac7 41. Bf5 g6 42. Bg4 Kg7 43. Ne6+ Kf7 44. Nxc7 Rxc7 45. Kg3 Rb7 46. f4 exf4+ 47. Kxf4 g5+ 48. Kf3 Bd7 49. Bd4 1-0

[Event "FIN-chT 1819"]
[Site "Finland"]
[Date "2019.02.10"]
[Round "8.5"]
[White "Nyysti, Sampsa"]
[Black "Hentunen, Asko"]
[Result "1-0"]
[WhiteElo "2307"]
[BlackElo "2287"]
[PlyCount "61"]
[EventDate "2018.09.15"]
[EventType "team-tourn"]
[EventRounds "11"]
[EventCountry "FIN"]
[SourceTitle "EXT 2021"]
[Source "ChessBase"]
[SourceDate "2020.10.23"]
[SourceVersion "1"]
[SourceVersionDate "2020.10.23"]
[SourceQuality "1"]
[WhiteTeam "Helsinki Comeon"]
[BlackTeam "Espoo MatSK"]
[WhiteTeamCountry "FIN"]
[BlackTeamCountry "FIN"]

1. e4 e5 2. Bc4 Nc6 3. Nf3 Be7 4. d4 d6 5. h3 Nf6 6. d5 Nb8 7. Bd3 0-0 8. c4 Nbd7 9. Nc3 Nc5 10. Bc2 a5 11. Be3 b6 12. Qe2 Bd7 13. 0-0-0 a4 14. g4 Qb8 15. Nd2 c6 16. f4 Rc8 17. g5 Ne8 18. f5 Nc7 19. f6 Bf8 20. fxg7 Bxg7 21. dxc6 Bxc6 22. Nd5 Bxd5 23. exd5 Nd7 24. Rdf1 Nf8 25. Qf3 Ne8 26. Qxf7+ Kh8 27. Qh5 Rc7 28. Rf2 Kg8 29. Ne4 Rxc4 30. Nf6+ Kh8 31. Qf7 1-0

[Event "FIN-chT 1819"]
[Site "Finland"]
[Date "2019.02.09"]
[Round "7.6"]
[White "Prieur, Eetu"]
[Black "Hentunen, Asko"]
[Result "1/2-1/2"]
[WhiteElo "2168"]
[BlackElo "2287"]
[PlyCount "40"]
[EventDate "2018.09.15"]
[EventType "team-tourn"]
[EventRounds "11"]
[EventCountry "FIN"]
[SourceTitle "EXT 2021"]
[Source "ChessBase"]
[SourceDate "2020.10.23"]
[SourceVersion "1"]
[SourceVersionDate "2020.10.23"]
[SourceQuality "1"]
[WhiteTeam "Helsinki Aatos"]
[BlackTeam "Espoo MatSK"]
[WhiteTeamCountry "FIN"]
[BlackTeamCountry "FIN"]

1. e4 c5 2. d4 cxd4 3. c3 dxc3 4. Nxc3 Nc6 5. Nf3 d6 6. Bc4 Nf6 7. 0-0 Bg4 8. Qb3 Qb6 9. Bxf7+ Kd8 10. Qxb6+ axb6 11. Bc4 Na5 12. Bb5 Bxf3 13. gxf3 Nb3 14. Be3 Nxa1 15. Bxb6+ Kc8 16. Rxa1 g6 17. Bc4 Kd7 18. Bb5+ Kc8 19. Bc4 Kd7 20. Bb5+ Kc8 1/2-1/2

[Event "FIN-chT 1819"]
[Site "Finland"]
[Date "2018.09.16"]
[Round "2.6"]
[White "Hentunen, Asko"]
[Black "Sorsa, Nuutti"]
[Result "0-1"]
[WhiteElo "2287"]
[BlackElo "2205"]
[PlyCount "110"]
[EventDate "2018.09.15"]
[EventType "team-tourn"]
[EventRounds "11"]
[EventCountry "FIN"]
[SourceTitle "CBM 186 Extra"]
[Source "ChessBase"]
[SourceDate "2018.08.24"]
[SourceVersion "1"]
[SourceVersionDate "2018.08.24"]
[SourceQuality "1"]
[WhiteTeam "Espoo MatSK"]
[BlackTeam "Turku TuTS"]
[WhiteTeamCountry "FIN"]
[BlackTeamCountry "FIN"]

1. c4 c6 2. Nf3 Nf6 3. g3 d5 4. b3 Bg4 5. Bg2 e6 6. Bb2 Bd6 7. 0-0 Nbd7 8. d4 Qb8 9. Nbd2 0-0 10. Re1 Rd8 11. Qc1 a5 12. a3 h6 13. Qc3 Be7 14. Rac1 Bf5 15. h3 Ne4 16. Qe3 Nxd2 17. Nxd2 Bf6 18. f4 Bg6 19. Qf2 Qa7 20. e4 Nc5 21. dxc5 Bxb2 22. Rc2 Bxa3 23. cxd5 cxd5 24. f5 exf5 25. exf5 Bh7 26. g4 Rac8 27. Kh1 Bxc5 28. Qf1 Bb4 29. Rec1 Rxc2 30. Rxc2 Qe3 31. Qd1 Kh8 32. Ra2 f6 33. Nf3 Bg8 34. Nd4 Qe1+ 35. Qxe1 Bxe1 36. Kg1 Bb4 37. Kf1 Re8 38. Re2 Rc8 39. Ne6 Rc3 40. Bxd5 Rxh3 41. Nf4 Bxd5 42. Nxh3 Bxb3 43. Re8+ Kh7 44. Nf4 Bf7 45. Rb8 Bc4+ 46. Ne2 b5 47. Kf2 a4 48. Ra8 h5 49. gxh5 a3 50. Nc1 Bd2 51. Ne2 a2 52. Nd4 b4 53. Ne6 b3 54. h6 Bxe6 55. fxe6 Bb4 0-1

[Event "FIN-chT 1718"]
[Site "Finland"]
[Date "2017.12.03"]
[Round "6.5"]
[White "Hentunen, Asko"]
[Black "Nivala, Tuomas"]
[Result "1-0"]
[WhiteElo "2250"]
[BlackElo "2224"]
[PlyCount "79"]
[EventDate "2017.09.16"]
[EventType "team-tourn"]
[EventRounds "11"]
[EventCountry "FIN"]
[SourceTitle "EXT 2019"]
[Source "ChessBase"]
[SourceDate "2018.10.10"]
[SourceVersion "1"]
[SourceVersionDate "2018.10.10"]
[SourceQuality "1"]
[WhiteTeam "Espoo MatSK"]
[BlackTeam "Jyvaskyla JyS"]
[WhiteTeamCountry "FIN"]
[BlackTeamCountry "FIN"]

1. c4 e5 2. g3 Nc6 3. Bg2 Bc5 4. Nc3 a6 5. Nf3 d6 6. 0-0 Nge7 7. e3 Ba7 8. h3 h5 9. h4 Bg4 10. Qb3 Rb8 11. d3 Qd7 12. Kh2 Bxf3 13. Bxf3 g5 14. Ne4 Qf5 15. Nxg5 f6 16. Be4 Qg4 17. Nh3 f5 18. Bg2 f4 19. exf4 Nd4 20. Qa4+ c6 21. fxe5 dxe5 22. Bg5 Nef5 23. Qa5 0-0 24. Qxe5 Rbe8 25. Qf4 Ne3 26. fxe3 Rxf4 27. Rxf4 Qe2 28. exd4 Qxb2 29. Raf1 Bxd4 30. R4f3 Qxa2 31. Nf4 Bc5 32. Kh3 Re3 33. Nxh5 Rxf3 34. Bxf3 Bd4 35. Bg4 Qa3 36. Be6+ Kh8 37. Bf6+ Bxf6 38. Rxf6 Qc1 39. Rf8+ Kh7 40. Bf5+ 1-0

[Event "FIN-chT 1718"]
[Site "Finland"]
[Date "2017.09.17"]
[Round "2.5"]
[White "Hentunen, Asko"]
[Black "Issakainen, Ari"]
[Result "1/2-1/2"]
[WhiteElo "2250"]
[BlackElo "2202"]
[PlyCount "61"]
[EventDate "2017.09.16"]
[EventType "team-tourn"]
[EventRounds "11"]
[EventCountry "FIN"]
[SourceTitle "CBM 180 Extra"]
[Source "ChessBase"]
[SourceDate "2017.10.06"]
[SourceVersion "1"]
[SourceVersionDate "2017.10.06"]
[SourceQuality "1"]
[WhiteTeam "Espoo MatSK"]
[BlackTeam "Helsinki Aatos"]
[WhiteTeamCountry "FIN"]
[BlackTeamCountry "FIN"]

1. c4 e5 2. g3 Nf6 3. Bg2 d5 4. cxd5 Nxd5 5. Nc3 Nb6 6. Nf3 Nc6 7. 0-0 Be7 8. d3 0-0 9. Be3 Bg4 10. h3 Bh5 11. g4 Bg6 12. Nd2 f5 13. gxf5 Bxf5 14. Nde4 Nd4 15. Ng3 Be6 16. Kh2 c6 17. Bd2 Qd7 18. Nce4 Nd5 19. e3 Nf5 20. Nxf5 Bxf5 21. Qc2 Rad8 22. Rad1 Nf6 23. Bc3 Qc7 24. b3 Nd5 25. Bb2 Kh8 26. Qb1 Rde8 27. Qa1 Bh4 28. Ba3 Be7 29. Bb2 Bh4 30. Ba3 Be7 31. Bb2 1/2-1/2

[Event "FIN-chT 1617"]
[Site "Finland"]
[Date "2017.03.10"]
[Round "9.7"]
[White "Mertanen, Janne"]
[Black "Hentunen, Asko"]
[Result "0-1"]
[WhiteElo "2298"]
[BlackElo "2313"]
[PlyCount "146"]
[EventDate "2016.09.17"]
[EventType "team-tourn"]
[EventRounds "11"]
[EventCountry "FIN"]
[SourceTitle "EXT 2018"]
[Source "ChessBase"]
[SourceDate "2017.10.13"]
[SourceVersion "1"]
[SourceVersionDate "2017.10.13"]
[SourceQuality "1"]
[WhiteTeam "Tampere Tammer"]
[BlackTeam "Espoo MatSK"]
[WhiteTeamCountry "FIN"]
[BlackTeamCountry "FIN"]

1. d4 Nf6 2. Bg5 c5 3. Bxf6 gxf6 4. d5 Qb6 5. Qc1 f5 6. g3 Bh6 7. e3 e5 8. Ne2 d6 9. Nd2 Nd7 10. Nc3 a6 11. a4 Qc7 12. Bh3 Nf6 13. Nc4 b6 14. Qd1 0-0 15. 0-0 Bd7 16. a5 bxa5 17. Nxa5 Rfe8 18. Re1 e4 19. Nc4 Kh8 20. Ne2 Bg7 21. Nf4 Ng4 22. Bxg4 fxg4 23. Nh5 Rg8 24. Qd2 Bb5 25. Nxg7 Rxg7 26. Qc3 Qe7 27. Nd2 Rc8 28. b3 Qg5 29. Qb2 c4 30. bxc4 Bxc4 31. Ra5 Bb5 32. Rc1 Be2 33. c4 Qh6 34. Qb7 Re8 35. Qd7 Rgg8 36. Re1 Bf3 37. h4 gxh3 38. Kh2 Bg4 39. Qa7 Qf6 40. Qd4 Re5 41. f4 exf3 42. e4 Bc8 43. Qf2 Reg5 44. Nf1 Qc3 45. Raa1 f5 46. Rac1 Qf6 47. exf5 Rxf5 48. Re3 Rf8 49. Re4 Qg7 50. Rd1 Re5 51. Rde1 Rxe4 52. Rxe4 a5 53. Qd2 a4 54. c5 Ba6 55. Ne3 a3 56. cxd6 f2 57. d7 Qxd7 58. Qc3+ Qg7 59. Qxa3 f1Q 60. Nxf1 Rf2+ 61. Kh1 Rxf1+ 62. Kh2 Rf2+ 63. Kg1 Rf8 64. Kh2 Bc8 65. Re2 Bg4 66. Rd2 h6 67. Qb4 Rf3 68. d6 Bd7 69. Qh4 Qg5 70. Qxg5 hxg5 71. g4 Kg7 72. Re2 Bxg4 73. Re7+ Kf6 0-1

[Event "FIN-chT 1617"]
[Site "Finland"]
[Date "2017.02.05"]
[Round "8.5"]
[White "Hentunen, Asko"]
[Black "Hartikainen, Markku"]
[Result "1/2-1/2"]
[WhiteElo "2313"]
[BlackElo "2294"]
[PlyCount "109"]
[EventDate "2016.09.17"]
[EventType "team-tourn"]
[EventRounds "11"]
[EventCountry "FIN"]
[SourceTitle "EXT 2018"]
[Source "ChessBase"]
[SourceDate "2017.10.13"]
[SourceVersion "1"]
[SourceVersionDate "2017.10.13"]
[SourceQuality "1"]
[WhiteTeam "Espoo MatSK"]
[BlackTeam "Salo SalSK"]
[WhiteTeamCountry "FIN"]
[BlackTeamCountry "FIN"]

1. c4 Nf6 2. g3 g6 3. Bg2 Bg7 4. Nc3 0-0 5. d3 c6 6. e4 d5 7. cxd5 cxd5 8. exd5 Na6 9. a3 Bf5 10. d4 Qd7 11. Qb3 Rac8 12. Nf3 Ne4 13. 0-0 Nxc3 14. bxc3 Bd3 15. Re1 Bc4 16. Qb2 Bxd5 17. Ne5 Qd8 18. Bxd5 Qxd5 19. c4 Qd8 20. Qxb7 Qxd4 21. Bf4 Nc5 22. Qxa7 g5 23. Rad1 Qc3 24. Bd2 Qb2 25. Bc1 Qc3 26. Qxe7 h6 27. Re3 Qc2 28. Rde1 Bxe5 29. Qxe5 Nd3 30. Qf6 Rc6 31. Qf3 Nxe1 32. Rxe1 Rxc4 33. h4 gxh4 34. Bxh6 Rfc8 35. Re5 R4c6 36. Rg5+ Rg6 37. gxh4 Qc1+ 38. Kh2 Qc7+ 39. Rg3 Kh7 40. Bf4 Qc5 41. Rxg6 fxg6 42. Qb7+ Kg8 43. Bg3 Qc6 44. Qb3+ Qc4 45. Qe3 Qf7 46. a4 Re8 47. Qd4 Qf3 48. Qd6 Kf7 49. a5 Re1 50. Qd7+ Kg8 51. Qd8+ Kh7 52. Qd7+ Kg8 53. Qc8+ Kh7 54. Qc7+ Kg8 55. Qc8+ 1/2-1/2

[Event "FIN-chT 1617"]
[Site "Finland"]
[Date "2016.12.11"]
[Round "6.4"]
[White "Hentunen, Asko"]
[Black "Hokkanen, Petri"]
[Result "0-1"]
[WhiteElo "2313"]
[BlackElo "2251"]
[PlyCount "58"]
[EventDate "2016.09.17"]
[EventType "team-tourn"]
[EventRounds "11"]
[EventCountry "FIN"]
[SourceTitle "EXT 2018"]
[Source "ChessBase"]
[SourceDate "2017.10.13"]
[SourceVersion "1"]
[SourceVersionDate "2017.10.13"]
[SourceQuality "1"]
[WhiteTeam "Espoo MatSK"]
[BlackTeam "Helsinki Velhot"]
[WhiteTeamCountry "FIN"]
[BlackTeamCountry "FIN"]

1. c4 c5 2. g3 g6 3. Bg2 Bg7 4. Nc3 Nc6 5. d3 d6 6. a3 e6 7. Bxc6+ bxc6 8. Qd2 Ne7 9. f4 e5 10. fxe5 Bxe5 11. Nf3 Bg7 12. 0-0 Nf5 13. Qf4 0-0 14. g4 Nd4 15. g5 Rb8 16. Nxd4 Bxd4+ 17. Be3 Be5 18. Qf3 Bf5 19. Rab1 Qd7 20. Bf4 Bg7 21. Qg3 Rfd8 22. Rfc1 Rb3 23. Kg2 d5 24. Na4 Qe7 25. Kf1 dxc4 26. Rxc4 Rbxd3 27. Qe1 R3d4 28. Rbc1 Qe4 29. Bc7 Rxc4 0-1

[Event "FIN-chT 1617"]
[Site "Finland"]
[Date "2016.09.18"]
[Round "2.6"]
[White "Vinke, Dietmar"]
[Black "Hentunen, Asko"]
[Result "1/2-1/2"]
[WhiteElo "2123"]
[BlackElo "2313"]
[PlyCount "36"]
[EventDate "2016.09.17"]
[EventType "team-tourn"]
[EventRounds "11"]
[EventCountry "FIN"]
[SourceTitle "CBM 174 Extra"]
[Source "ChessBase"]
[SourceDate "2016.10.10"]
[SourceVersion "1"]
[SourceVersionDate "2016.10.10"]
[SourceQuality "1"]
[WhiteTeam "Oulu OSS"]
[BlackTeam "Espoo MatSK"]
[WhiteTeamCountry "FIN"]
[BlackTeamCountry "FIN"]

1. d4 Nf6 2. Nf3 e6 3. c4 b6 4. g3 Ba6 5. b3 c6 6. Bg2 d5 7. 0-0 Be7 8. Ne5 Nfd7 9. cxd5 cxd5 10. Bb2 Nxe5 11. dxe5 0-0 12. Nd2 Nc6 13. Nf3 Qd7 14. Qd2 Bb4 15. Qe3 Bc5 16. Qd2 Bb4 17. Qe3 Bc5 18. Qd2 Bb4 1/2-1/2

[Event "FIN-chT 1516"]
[Site "Finland"]
[Date "2016.03.13"]
[Round "11.6"]
[White "Mertanen, Janne"]
[Black "Hentunen, Asko"]
[Result "1/2-1/2"]
[WhiteElo "2251"]
[BlackElo "2299"]
[PlyCount "37"]
[EventDate "2015.09.12"]
[EventType "team-tourn"]
[EventRounds "11"]
[EventCountry "FIN"]
[SourceTitle "EXT 2017"]
[Source "ChessBase"]
[SourceDate "2016.10.25"]
[SourceVersion "1"]
[SourceVersionDate "2016.10.25"]
[SourceQuality "1"]
[WhiteTeam "Tampere Tammer"]
[BlackTeam "Espoo MatSK"]
[WhiteTeamCountry "FIN"]
[BlackTeamCountry "FIN"]

1. d4 Nf6 2. Bg5 c5 3. d5 Qb6 4. Nc3 Qxb2 5. Bd2 Qb6 6. e4 d6 7. f4 e6 8. Rb1 Qd8 9. Bb5+ Bd7 10. dxe6 fxe6 11. e5 dxe5 12. fxe5 Nd5 13. Qg4 Nxc3 14. Bxc3 Bxb5 15. Qxe6+ Qe7 16. Qc8+ Qd8 17. Qe6+ Qe7 18. Qc8+ Qd8 19. Qe6+ 1/2-1/2

[Event "FIN-chT 1516"]
[Site "Finland"]
[Date "2015.10.11"]
[Round "4.4"]
[White "Hentunen, Asko"]
[Black "Niemi, Kalle"]
[Result "1/2-1/2"]
[WhiteElo "2299"]
[BlackElo "2310"]
[PlyCount "107"]
[EventDate "2015.09.12"]
[EventType "team-tourn"]
[EventRounds "11"]
[EventCountry "FIN"]
[SourceTitle "EXT 2017"]
[Source "ChessBase"]
[SourceDate "2016.10.25"]
[SourceVersion "1"]
[SourceVersionDate "2016.10.25"]
[SourceQuality "1"]
[WhiteTeam "Espoo MatSK"]
[BlackTeam "Salo SalSK"]
[WhiteTeamCountry "FIN"]
[BlackTeamCountry "FIN"]

1. c4 e5 2. g3 Nf6 3. Bg2 d5 4. cxd5 Nxd5 5. Nc3 Nb6 6. Nf3 Nc6 7. 0-0 Be7 8. b3 0-0 9. Bb2 Re8 10. Rc1 Bf8 11. Ne4 f5 12. Nc5 e4 13. Ne1 Nd5 14. d3 e3 15. f4 Nf6 16. Nf3 Nb4 17. a3 Nbd5 18. b4 b6 19. Nb3 Bd7 20. Nfd4 Ba4 21. Qc2 Qd7 22. Qc4 Kh8 23. b5 Bxb3 24. Qxb3 a6 25. a4 axb5 26. axb5 Rac8 27. Nc6 Bc5 28. Be5 Qe6 29. d4 Nxf4 30. Qxe6 Nxe2+ 31. Kh1 Rxe6 32. Rce1 Nxd4 33. Bxd4 Rxc6 34. Bxc6 Bxd4 35. Rxf5 h6 36. Rf4 Bc5 37. Ra4 Kg8 38. Kg2 Rd8 39. Ra8 Rxa8 40. Bxa8 Kf7 41. Kf3 Ke6 42. h4 Ke5 43. Rd1 Bd4 44. Rc1 Bc5 45. Rc4 g5 46. hxg5 hxg5 47. Bb7 Kd6 48. Ke2 Ke6 49. Ra4 Bd6 50. g4 Bf4 51. Kd3 Kd6 52. Rd4+ Kc5 53. Rc4+ Kd6 54. Rd4+ 1/2-1/2

[Event "FIN-chT 1415"]
[Site "Finland"]
[Date "2014.10.19"]
[Round "4.3"]
[White "Hentunen, Asko"]
[Black "Sipila, Vilka"]
[Result "1/2-1/2"]
[WhiteElo "2299"]
[BlackElo "2415"]
[PlyCount "127"]
[EventDate "2014.09.27"]
[EventType "team-tourn"]
[EventRounds "11"]
[EventCountry "FIN"]
[SourceTitle "EXT 2016"]
[Source "ChessBase"]
[SourceDate "2015.10.08"]
[SourceVersion "1"]
[SourceVersionDate "2015.10.08"]
[SourceQuality "1"]
[WhiteTeam "Espoo MatSK"]
[BlackTeam "Turku TuTS"]
[WhiteTeamCountry "FIN"]
[BlackTeamCountry "FIN"]

1. c4 e6 2. g3 d5 3. Nf3 Nf6 4. Bg2 Be7 5. 0-0 0-0 6. b3 c5 7. Bb2 Nc6 8. cxd5 exd5 9. d4 cxd4 10. Nxd4 Qb6 11. Nxc6 bxc6 12. Nc3 Be6 13. Qd3 Rac8 14. Rfc1 Ng4 15. e3 Bf6 16. Na4 Qd8 17. Bd4 Ne5 18. Qc3 Qd6 19. h3 h5 20. Nc5 Bf5 21. Rd1 Rfe8 22. Rac1 Nd7 23. Nxd7 Bxd4 24. Rxd4 Qxd7 25. Kh2 Be4 26. Bxe4 Rxe4 27. Rxe4 dxe4 28. Rc2 Rd8 29. Qxc6 Qxc6 30. Rxc6 Rd2 31. Ra6 Rxf2+ 32. Kg1 Rf3 33. Kg2 Rxe3 34. h4 Re2+ 35. Kf1 Rb2 36. Rxa7 Kh7 37. Ra4 Kg6 38. Rxe4 Rxa2 39. Re2 Ra3 40. Rb2 Kf5 41. Kg2 f6 42. Kf3 g5 43. hxg5 Kxg5 44. Rb1 f5 45. Rb2 Ra1 46. b4 Ra3+ 47. Kf2 Kg4 48. b5 Rf3+ 49. Ke2 Kxg3 50. Rb1 Rf2+ 51. Kd3 Ra2 52. b6 Ra8 53. b7 Rb8 54. Rg1+ Kf3 55. Rf1+ Kg4 56. Rg1+ Kf4 57. Rf1+ Ke5 58. Rb1 h4 59. Ke3 Kd6 60. Kf4 Kc6 61. Kxf5 Rxb7 62. Rxb7 Kxb7 63. Kg4 Ka8 64. Kxh4 1/2-1/2

[Event "FIN-chT 1415"]
[Site "Finland"]
[Date "2014.09.28"]
[Round "2.5"]
[White "Lehto, Antti"]
[Black "Hentunen, Asko"]
[Result "1-0"]
[WhiteElo "2185"]
[BlackElo "2299"]
[PlyCount "105"]
[EventDate "2014.09.27"]
[EventType "team-tourn"]
[EventRounds "11"]
[EventCountry "FIN"]
[SourceTitle "CBM 162 Extra"]
[Source "ChessBase"]
[SourceDate "2014.10.17"]
[SourceVersion "1"]
[SourceVersionDate "2014.10.17"]
[SourceQuality "1"]
[WhiteTeam "Helsinki HSK"]
[BlackTeam "Espoo MatSK"]
[WhiteTeamCountry "FIN"]
[BlackTeamCountry "FIN"]

1. d4 Nf6 2. c4 e6 3. Nf3 b6 4. g3 Ba6 5. b3 c6 6. Bg2 d5 7. 0-0 Be7 8. Nbd2 0-0 9. Bb2 Nbd7 10. Re1 b5 11. c5 b4 12. Qc2 Qc7 13. a3 bxa3 14. Rxa3 Bb5 15. Qc3 Rfe8 16. b4 Bd8 17. e3 Qb7 18. Rea1 Bc7 19. Ne5 Reb8 20. Nxd7 Nxd7 21. Qc2 Re8 22. Nf3 f6 23. Bh3 Nf8 24. Bc3 Re7 25. Nd2 a6 26. Qa2 Kh8 27. Bf1 Rae8 28. Bxb5 axb5 29. Ra7 Qc8 30. Qa6 Ng6 31. Qxc6 e5 32. Ra8 Bb8 33. Qxc8 Rxc8 34. R1a5 Rb7 35. Nb1 Ne7 36. Na3 exd4 37. exd4 Bc7 38. Rxb5 Rxa8 39. Rxb7 Bd8 40. Nb5 Kg8 41. Na7 Kf8 42. b5 Ke8 43. b6 h5 44. Kf1 g5 45. h3 Kf8 46. Ke2 f5 47. Kf3 Ke8 48. Bd2 Ng6 49. Bxg5 Bxg5 50. Rg7 Bf6 51. Rxg6 Kf7 52. Rxf6+ Kxf6 53. c6 1-0

[Event "FIN-chT 1314"]
[Site "Finland"]
[Date "2014.03.08"]
[Round "10.6"]
[White "Nevanlinna, Risto"]
[Black "Hentunen, Asko"]
[Result "1-0"]
[WhiteElo "2231"]
[BlackElo "2302"]
[PlyCount "83"]
[EventDate "2013.09.21"]
[EventType "team-tourn"]
[EventRounds "11"]
[EventCountry "FIN"]
[SourceTitle "EXT 2015"]
[Source "ChessBase"]
[SourceDate "2014.11.20"]
[SourceVersion "1"]
[SourceVersionDate "2014.11.20"]
[SourceQuality "1"]
[WhiteTeam "Jyvaskyla JyS"]
[BlackTeam "Espoo MatSK"]
[WhiteTeamCountry "FIN"]
[BlackTeamCountry "FIN"]

1. e4 c5 2. d4 g6 3. dxc5 Qa5+ 4. Nc3 Bg7 5. Bd2 Qxc5 6. Nd5 Na6 7. Nf3 Bxb2 8. Rb1 Bg7 9. Bxa6 bxa6 10. 0-0 e6 11. Bb4 Qc4 12. Re1 Bb7 13. Nd2 Qc8 14. Qe2 Bxd5 15. exd5 Qxc2 16. Qxa6 Qc8 17. Qd3 a5 18. Nc4 Qa6 19. Ba3 Bf8 20. Bb2 f6 21. dxe6 dxe6 22. Qf3 Be7 23. Nb6 Ra7 24. Qc6+ Kf7 25. Qxe6+ Kg7 26. Nc8 Qxe6 27. Rxe6 Rc7 28. Nxe7 Kf7 29. Nd5 Rd7 30. Nb6 Rb7 31. Rbe1 h5 32. h3 h4 33. Bd4 Rh5 34. Nc4 Rb4 35. Nd6+ Kg7 36. Ne8+ Kh7 37. Nxf6+ Nxf6 38. Bxf6 Rf5 39. Re7+ Kh6 40. Bc3 Rb6 41. Bd2+ g5 42. R7e6+ 1-0

[Event "FIN-chT 1314"]
[Site "Finland"]
[Date "2014.03.07"]
[Round "9.6"]
[White "Hentunen, Asko"]
[Black "Satonen, Arto"]
[Result "1-0"]
[WhiteElo "2302"]
[BlackElo "2122"]
[PlyCount "63"]
[EventDate "2013.09.21"]
[EventType "team-tourn"]
[EventRounds "11"]
[EventCountry "FIN"]
[SourceTitle "EXT 2015"]
[Source "ChessBase"]
[SourceDate "2014.11.20"]
[SourceVersion "1"]
[SourceVersionDate "2014.11.20"]
[SourceQuality "1"]
[WhiteTeam "Espoo MatSK"]
[BlackTeam "Sastamala VammSK"]
[WhiteTeamCountry "FIN"]
[BlackTeamCountry "FIN"]

1. c4 c5 2. g3 e6 3. Bg2 d5 4. Nf3 Nc6 5. cxd5 exd5 6. d4 Nf6 7. 0-0 Be7 8. Nc3 0-0 9. dxc5 Bxc5 10. Bg5 d4 11. Na4 Be7 12. Rc1 Re8 13. a3 h6 14. Bxf6 Bxf6 15. Nd2 Bf5 16. Nc5 d3 17. exd3 Bxd3 18. Nxb7 Qe7 19. Bxc6 Bxf1 20. Nxf1 Bxb2 21. Rc2 Rec8 22. Nd6 Bxa3 23. Nxc8 Rxc8 24. Qg4 Rd8 25. Ne3 a5 26. Be4 Bb4 27. h4 Qe5 28. Nf5 Kh8 29. Rc7 g6 30. Rxf7 gxf5 31. Qg6 Rd1+ 32. Kh2 1-0